Desafíos comunes: retrato de la sociedad chilena y sus individuos

Enregistré dans:
Détails bibliographiques
Auteur principal: Araujo, Kathya (Auteur)
Autres auteurs: Martuccelli, Danilo (autor)
Format: Livre
Langue:espagnol
Publié: Santiago LOM 2012
Édition:1a. ed
Collection:Colección Ciencias Humanas
Sujets:
Tags: Ajouter un tag
Pas de tags, Soyez le premier à ajouter un tag!

MARC

LEADER 00000cam a2200000 a 4500
001 UCF1802
003 CL-VaPUC
008 120727e20120000CL |||||||||||||||||spa|d
020 |a 9789560003287t.1 
020 |a 9789560003294t.2 
082 0 4 |a 301  |b ARA  |2 21 
100 0 |a Araujo, Kathya  |e author  |9 563289 
700 |a Martuccelli, Danilo  |e autor  |9 591267 
245 1 0 |a Desafíos comunes: retrato de la sociedad chilena y sus individuos 
250 |a 1a. ed 
300 |a 2 t 
942 |c BK 
945 |d 20120727 00:00:00  |a cmena 
260 |a Santiago  |b LOM  |c 2012 
500 |a t.1: Neoliberalismo, democratización y lazo social 
500 |a t.2: Trabajo, sociabilidades y familias 
650 0 |a Antropología cultural y social   |9 265143 
650 0 |a Desarrollo cultural  |9 267526 
650 0 |a Desarrollo social  |9 264534 
650 0 |a Condiciones económicas  |9 258255 
650 0 |a Desarrollo económico y social   |9 256320 
650 0 |a Identidad cultural  |9 319131 
583 |a last modification  |c 20120814 11:21:48  |k Rodrigo Vera 
490 0 |a Colección Ciencias Humanas 
999 |c 348490  |d 348488 
952 |0 0  |1 0  |4 0  |6 301_000000000000000_ARA_2012  |7 0  |8 A  |9 450521  |a BIBGIM  |b BIBGIM  |d 2019-11-22  |h t.1  |i 4883136  |o 301 ARA 2012  |p 4883136  |r 2025-01-15  |w 2019-11-22  |y BK  |k SSL 
952 |0 0  |1 0  |4 0  |6 301_000000000000000_ARA_2012  |7 0  |8 A  |9 450522  |a BIBGIM  |b BIBGIM  |d 2019-11-22  |h t.2  |i 4883144  |l 2  |m 1  |o 301 ARA 2012  |p 4883144  |r 2025-01-15  |s 2023-11-10  |w 2019-11-22  |y BK  |k SSL 
952 |0 0  |1 0  |4 0  |6 301_000000000000000_ARA_2012  |7 0  |8 A  |9 450523  |a BIBGIM  |b BIBGIM  |d 2019-11-22  |h t.1  |i 4894499  |l 1  |o 301 ARA 2012  |p 4894499  |r 2025-01-15  |s 2023-11-10  |w 2019-11-22  |y BK  |k SSL 
952 |0 0  |1 0  |4 0  |6 301_000000000000000_ARA_2012  |7 0  |8 A  |9 450524  |a BIBGIM  |b BIBGIM  |d 2019-11-22  |h t.2  |i 4894502  |l 1  |o 301 ARA 2012  |p 4894502  |r 2025-04-10  |s 2025-04-02  |w 2019-11-22  |y BK  |k SSL 
952 |0 0  |1 0  |4 0  |6 301_000000000000000_ARA_2012  |7 0  |8 A  |9 450525  |a BIBING  |b BIBING  |d 2019-11-22  |h t.1  |i 4933354  |o 301 ARA 2012  |p 4933354  |r 2025-01-20  |w 2019-11-22  |y BK  |k CUI 
952 |0 0  |1 0  |4 0  |6 301_000000000000000_ARA_2012  |7 0  |8 A  |9 450526  |a BIBING  |b BIBING  |d 2019-11-22  |h t.2  |i 4933362  |o 301 ARA 2012  |p 4933362  |r 2025-01-20  |w 2019-11-22  |y BK  |k CUI 
952 |0 0  |1 0  |4 0  |6 301_000000000000000_ARA_2012  |7 0  |8 A  |9 450527  |a BIBHIS  |b BIBHIS  |d 2019-11-22  |h t.1  |i 4942639  |l 1  |o 301 ARA 2012  |p 4942639  |r 2025-01-20  |s 2022-09-28  |w 2019-11-22  |y BK  |k HIS 
952 |0 0  |1 0  |4 0  |6 301_000000000000000_ARA_2012  |7 0  |8 A  |9 450528  |a BIBHIS  |b BIBHIS  |d 2019-11-22  |h t.2  |i 4942647  |o 301 ARA 2012  |p 4942647  |r 2025-01-20  |w 2019-11-22  |y BK  |k HIS